01607nam a22002417a 450000500170000000800410001702000180005804000070007604100080008308200170009110000210010824500170012926000430014630000240018936500610021352008490027465000220112365000270114565000280117294200120120099900190121295201340123120250416113352.0250416b |||||||| |||| 00| 0 eng d a9789354403705 cAL aeng 223a330 KAUA aKautilya9208458 aArthashastra aNew DelhibFinger Print Classicsc2024 a494p.bPBc20x13cm. 2EconomicsaDEL4-5711994b229.00c₹d229.00f21-03-2025 aArthashastra is an ancient Indian text on statecraft and governance, written by Kautilya, a philosopher and statesman. This edition features the original text with a beautifully designed cover. With insights on politics, economics, and military strategy, this book remains relevant to modern-day readers interested in leadership and governance. Features the original text on statecraft and governance. Learn about the principles of economic management, trade, taxation, and wealth creation outlined in this influential treatise. Helps in gaining insights into the art of diplomacy and military strategy as elucidated by the revered scholar. The lessons and principles found in the Arthashastra continue to hold relevance in contemporary politics, governance, and strategic thinking. must-read for anyone interested in leadership and governance. aEconomics9208459 aLife of A King9208460 aEnd of Sciences9208461 2ddccBK c234166d234166 00102ddc40708ECOaALbALcSKd2025-03-29eamazon.ing229.00l0o330 KAUAp077660r2025-04-16 11:39:22v229.00w2025-04-16yBK